000 00666nam a2200241Ia 4500
003 OSt
005 20220918230851.0
006 a|||||r|||| 00| 0
007 ta
008 220917b |||||||| |||| 00| 0 eng d
024 _a261,050
037 _cTextual
040 _aARTS
_cARTS
_beng
041 _2eng
_aeng
082 _aB6M26, G8
100 _aWeatherburn C E
245 0 _aIntroduction to riemannian geometry and the tensor calculus
260 _aLondon
_bCambridge University Press U K
_c1938
300 _a191p.
_ccm.
650 _aMATHEMATICS
_92141
942 _hB6M26, G8
_cTEXL
_2CC
999 _c289185
_d289185